| 000 | 00769 a2200265 4500 | ||
|---|---|---|---|
| 502 | _aThèse de Doctorat | ||
| 260 | _aWageningen | ||
| 653 | 1 | _aAgronomie | |
| 100 | _aVAN DEN BOGNARD, T. C. Patrick | ||
| 041 | _bEn | ||
| 260 | _bUniversité de Wageningen | ||
| 300 | _a157 p. | ||
| 245 | _aCatabolite control of sugar metabolism in streptococcus thermophilus | ||
| 650 | _aSUGAR METABOLISM | ||
| 650 | _aSTREPTOCOCCUSTHERMOPHILUS | ||
| 260 | _c28 Octobre 2002 | ||
| 300 | _bIll., Couv. ill. ; 24 cm | ||
| 130 | _lEn | ||
| 040 | _aSupport | ||
| 041 | _bEn | ||
| 653 | 1 | _aNutrition et Sciences Alimentaires | |
| 100 | _uAbomey-Calavi, Université d'Abomey-Calavi, Faculté des Sciences Agronomiques, Bj | ||
| 020 | _a90-5808-720-4 | ||
| 999 |
_c32252 _d32252 |
||